Normal view MARC view
  • Donskis, Leonidas,

Entry Nombre Personal

Number of records used in: 1

001 - NUMERO DE CONTROL

  • campo de control: 47681

003 - IDENTIFICADOR DE NUMERO DE CONTROL

  • campo de control: DLC

005 - FECHA Y HORA DE LA ÜLTIMA TRANSACCIÓN

  • campo de control: 20230509111841.0

008 - DATOS DE LONGITUD FIJA

  • campo de control de longitud fija: 951016n| azannaabn |a aaa c

010 ## - NÚMERO DE CONTROL DE LA BIBLIOTECA DEL CONGRESO

  • Número de control LC: no 95049099

035 ## - NUMERO DE CONTROL

  • Número de control: (OCoLC)oca03939210

040 ## - FUENTE DE CATALOGACIÓN

  • Agencia original de catalogación: InU
  • Lenguaje de catalogación: spa
  • Description conventions: rda
  • Agencia de transcripción: InU
  • Agencia que lo modifica: InU
  • Agencia que lo modifica: DLC
  • Agencia que lo modifica: UPB
  • Agencia que lo modifica: MX-MxUPN

046 ## - FECHAS CON CODIFICACIÓN ESPECIAL

  • Fecha de nacimiento: 19620813

100 1# - ENCABEZAMIENTO - NOMBRE PERSONAL

  • Nombre personal: Donskis, Leonidas,
  • Fechas asociadas con el nombre: 1962-

373 ## - GRUPO ASOCIADO

  • Associated group: Parlamento Europeo
  • Fuente del término: naf
  • Start period: 2009
  • End period: 2014

373 ## - GRUPO ASOCIADO

  • Associated group: Alianza de los Demócratas y Liberales por Europa
  • Fuente del término: naf
  • Start period: 2009
  • End period: 2014

373 ## - GRUPO ASOCIADO

  • Associated group: Vytauto Didžiojo universitetas (Kaunas, Lithuania)
  • Fuente del término: naf

374 ## - OCUPACIÓN

  • Occupation: Profesor universitario
  • Occupation: Editor

400 1# - VEÁSE - NOMBRE DE PERSONA

  • Personal name: Donskis, L.
  • Fuller form of name: (Leonidas)

670 ## - FUENTE EN LA QUE SE LOCALIZARON DATOS

  • Cita de la fuente: Moderniosios kultūros filosofijos metmenys, 1993:
  • Información localizada: portada (Leonidas Donskis) CIP datos (Donskis, L.)

670 ## - FUENTE EN LA QUE SE LOCALIZARON DATOS

  • Cita de la fuente: The end of ideology and utopia? 2000:
  • Información localizada: CIP portada (Leonidas Donskis) hoja de datos (n. Aug. 13, 1962)

670 ## - FUENTE EN LA QUE SE LOCALIZARON DATOS

  • Cita de la fuente: Politics otherwise, 2012:
  • Información localizada: página x (Prof. Leonidas Donskis, Member of the European Parliament (MEP ALDE 2009-2014), and Visiting Professor of Social and Political Theory at Vytautas Magnus University in Kaunas, Lithuania)

902 ## - CATALOGADOR

  • Catalogador: NDAF/090523